| 000 | 00365nam a22001577a 4500 | ||
|---|---|---|---|
| 003 | SGT | ||
| 020 | _a97899395583213 | ||
| 082 | _a620,ARY | ||
| 100 | _aARYA NANCY | ||
| 245 | _aBLOCKCHAIN TECHNOLOGY | ||
| 260 |
_aBANGALOR _bWRITERS ROW PUBLICATIONS _c2023 |
||
| 300 | _a224 | ||
| 490 | _aSGTU FACULTY PUBLICATIONS | ||
| 650 | _aENGINEERING | ||
| 942 |
_2ddc _cBK |
||
| 999 |
_c26273 _d26273 |
||